000 00324nam a2200121Ia 4500
008 220204s9999 xx 000 0 und d
082 _a035
_bPAR.2
100 _aPAIPANANDIKAR, V A
245 0 _aSurvey of research in public administration. V 2.
260 _aBombay
_bAllied
_c1973
700 _aPARANJAPE, H K
942 _cBK
999 _c26375
_d26375